000
00346 a2200157 4500
001
58709
020
_a
852623644X
040
_c
Anchieta - Pituba
100
_a
Cabrini, Conceição
240
1
0
_a
História temática
_l
por
245
1
0
_a
História temática
300
_a
189/96
362
0
_a
2000
650
4
_a
História do mundo
942
_c
BK
999
_c
58709
_d
58709